Statistics for FA Cup Winners and Runners-Up

Click here to take the quiz!

General Stats

  • This quiz has been taken 34 times
  • The average score is 241 of 284

Answer Stats

YearTeam% Correct
1930 | 1936 | 1950 | +13 othersArsenal
100%
1970 | 1997 | 2000 | +7 othersChelsea
100%
2021 | Runners Up | Runners upLeicester City
100%
1904 | 1934 | 1956 | +6 othersManchester City
100%
1909 | 1948 | 1963 | +11 othersManchester United
100%
1972 | Runners Up | Runners upLeeds United
96%
1965 | 1974 | 1986 | +8 othersLiverpool
96%
1901 | 1921 | 1961 | +6 othersTottenham Hotspur
96%
Runners upCrystal Palace
93%
1906 | 1933 | 1966 | +4 othersEverton
93%
1898 | 1959 | Runners upNottingham Forest
93%
1964 | 1975 | 1980 | +2 othersWest Ham United
93%
Runners upFulham
89%
1910 | 1924 | 1932 | +5 othersNewcastle United
89%
Runners upQueens Park Rangers
89%
1896 | 1907 | 1935 | +2 othersSheffield Wednesday
89%
1937 | 1973 | Runners | Runners UpSunderland
89%
1884 | 1885 | 1886 | +4 othersBlackburn Rovers
86%
1914 | Runners UpBurnley
86%
1927 | Runners Up | Runners upCardiff City
86%
1978Ipswich Town
86%
1939 | 2008 | Runners Up | Runners upPortsmouth
86%
1889 | 1938 | Runners UpPreston North End
86%
1976 | Runners Up | Runners upSouthampton
86%
Runners upStoke City
86%
Runners Up | Runners upWatford
86%
2013Wigan Athletic
86%
Runners upBrighton & Hove Albion
82%
1922 | Runners UpHuddersfield Town
82%
Runners upMiddlesbrough
82%
Runners upMillwall
82%
1888 | 1892 | 1931 | +3 othersWest Bromwich Albion
82%
1988Wimbledon
82%
1887 | 1895 | 1897 | +6 othersAston Villa
79%
Runners UpBirmingham City
79%
1953 | Runners UpBlackpool
79%
1923 | 1926 | 1929 | +2 othersBolton Wanderers
79%
1987Coventry City
79%
1899 | 1902 | 1915 | +2 othersSheffield United
79%
1893 | 1908 | 1949 | +2 othersWolverhampton Wanderers
79%
1911Bradford City
75%
Runners upHull City
75%
Runners UpLuton Town
75%
1946 | Runners UpDerby County
71%
1894 | Runners UpNotts County
71%
Runners UpBristol City
68%
1947 | Runners UpCharlton Athletic
68%
1874 | Runners UpOxford University
68%
1912 | Runners UpBarnsley
57%
1900 | 1903Bury
54%
1875 | Runners UpRoyal Engineers
39%
1872 | 1873 | 1876 | +2 othersWanderers
36%
1879 | 1882 | Runners UpOld Etonians
32%
1881Old Carthusians
25%
1883Blackburn Olympic
21%
1880 | Runners UpClapham Rovers
18%
Runners UpQueens Park
18%

Score Distribution

Percentile by Number Answered

Percent of People with Each Score

Your Score History

You have not taken this quiz